000 01651nam2a22002291 4500
001 rc\4390020
005 20250611165120.0
035 _a(NLR Aleph) 008293748
090 _a8592522
_c8592522
100 _a20130416d1968 |||y0rusy50 ca
101 0 _arus
102 _aRU
105 _ay z |||||
200 1 _aМетод пьезоэлектрического эффекта
210 _aЛенинград]
_cБ. и.
_d1968
215 _a10 с.
461 0 _1001rc\4390014
_12001#$a[Тезисы докладов на симпозиумах$fЦентр. правл. Науч.-техн. горного о-ва. Ленингр. обл. правл. Науч.-техн. горного о-ва. М-во геологии СССР. М-во нефтедобывающей пром-сти СССР. Центр. правл. Науч.-техн. о-ва нефт. и газовой пром-сти$v[6]. Симпозиум Е
_98592487
_aВсесоюзная научно-техническая геофизическая конференция (6; 1968; Ленинград)
_cЛенинград]
_d1968
_fЦентр. правл. Науч.-техн. горного о-ва. Ленингр. обл. правл. Науч.-техн. горного о-ва. М-во геологии СССР. М-во нефтедобывающей пром-сти СССР. Центр. правл. Науч.-техн. о-ва нефт. и газовой пром-сти
_nБ. и.
_t[Тезисы докладов на симпозиумах
_v[6]. Симпозиум Е
801 0 _aRU
_bNLR
_gpsbo
801 1 _aRU
_bELAR
_2rusmarc
852 _aNLR
_j68-4/11139
942 _cBOOK
980 _aNB